[Event "Lansing op"]
[Site "Lansing"]
[Date "2002.09.02"]
[Round "6"]
[White "Holden, Anthony"]
[Black "Bailey, Dennis"]
[Result "1-0"]
[WhiteElo "1551"]
[BlackElo "1488"]
[PlyCount "43"]
[EventDate "2002.08.30"]
[EventType "swiss"]
[EventRounds "7"]
[EventCountry "USA"]
[SourceTitle "EXT 2007"]
[Source "ChessBase"]
[SourceDate "2006.11.23"]
[SourceVersion "1"]
[SourceVersionDate "2006.11.23"]
[SourceQuality "1"]

1. d4 Nf6 2. e3 d5 3. Bd3 e6 4. f4 c5 5. c3 cxd4 6. exd4 Be7 7. Nd2 Nc6 8. Qe2 Bd7 9. Ngf3 0-0 10. Ne5 a6 11. g4 Ne8 12. g5 g6 13. h4 Nd6 14. h5 Kg7 15. Ndf3 Nf5 16. hxg6 hxg6 17. Qh2 Rh8 18. Qxh8+ Qxh8 19. Rxh8 Rxh8 20. Nxd7 b5 21. Nc5 Ra8 22. a4 1-0